Computer networking : (Record no. 62657)

MARC details
000 -LEADER
fixed length control field 00413nam a22001337a 4500
005 - DATE AND TIME OF LATEST TRANSACTION
control field 20170828151626.0
020 ## - INTERNATIONAL STANDARD BOOK NUMBER
International Standard Book Number 8178880032
Terms of availability 375.00
035 ## - SYSTEM CONTROL NUMBER
System control number B-059024
037 ## - SOURCE OF ACQUISITION
Stock number DPL
Source of stock number/acquisition ENG
245 ## - TITLE STATEMENT
Title Computer networking :
Remainder of title The practice portfolio of latest questions /
260 ## - PUBLICATION, DISTRIBUTION, ETC. (IMPRINT)
Place of publication, distribution, etc New Delhi
Name of publisher, distributor, etc Dominant Publishers and Distributors
Date of publication, distribution, etc 2001
300 ## - PHYSICAL DESCRIPTION
Extent 240p.
Dimensions 18 cms.
942 ## - ADDED ENTRY ELEMENTS (KOHA)
Source of classification or shelving scheme Dewey Decimal Classification
Item type English Books
Classification part 005.754
Call number suffix COM
Holdings
Withdrawn status Lost status Not for loan Collection code Home library Current library Date acquired Cost, normal purchase price Full call number Barcode Cost, replacement price Koha item type
      Non-fiction Sarojini Nagar Sarojini Nagar 13/02/2012 375.00 005.754 COM B-059024 375.00 English Books
      Non-fiction Sarojini Nagar Sarojini Nagar 15/02/2012 0.00 005.754 COM B-059020 0.00 English Books

© Delhi Public Library
Hit Counter
free hit counter